000 00345nam a2200145 i 4500
001 bg
100 1 _aCHAJTMAN, Seweryn
245 0 _aSystemy i procesy informacyjne /
_cSeweryn Chajtman.
260 _aWarszawa,
_c1986.
040 _cBPK
041 _apol
080 _a658.5.012.4
942 _cKS
008 s pl f |000 0 pol
999 _c23658
_d23658
856 _uhttp://koha.tu.koszalin.pl/cgi-bin/koha/opac-detail.pl?biblionumber=23658
_yKatalog online BPK